TABUADA DO 1 - Statistics

Estatísticas Gerais
  • Esse quiz foi jogado 303 vezes
  • A pontuação média é 21 de 21
Estatísticas das Respostas
Hint Resposta % Correto
1x0 0
100%
1x1 1
100%
1x2 2
100%
1x3 3
99%
1x4 4
99%
1x5 5
99%
1x6 6
99%
1x7 7
99%
1x8 8
99%
1x9 9
99%
1x10 10
97%
1x11 11
97%
1x12 12
97%
1x13 13
97%
1x14 14
97%
1x15 15
97%
1x16 16
97%
1x17 17
97%
1x18 18
97%
1x19 19
97%
1x20 20
97%
Nenhum quiz correspondente encontrado
Distribuição das Pontuações
Porcentagem de Pessoas com Cada Pontuação
Percentil de Números Respondidos
Sua Pontuação Histórica
Você não jogou esse quiz